Buddy buys an orchid; (Record no. 17990)

MARC details
000 -LEADER
fixed length control field 00663cam a22002171 4500
001 - CONTROL NUMBER
control field ca 36000114
003 - CONTROL NUMBER IDENTIFIER
control field DLC
005 - DATE AND TIME OF LATEST TRANSACTION
control field 20260227111140.0
008 - FIXED-LENGTH DATA ELEMENTS--GENERAL INFORMATION
fixed length control field 891021s1936 maua 000 0 eng
010 ## - LIBRARY OF CONGRESS CONTROL NUMBER
LC control number ca 36000114
035 ## - SYSTEM CONTROL NUMBER
System control number (OCoLC)20532838
040 ## - CATALOGING SOURCE
Original cataloging agency DLC
Transcribing agency RPB
Modifying agency DLC
042 ## - AUTHENTICATION CODE
Authentication code premarc
050 00 - LIBRARY OF CONGRESS CALL NUMBER
Classification number PS3525.A2777
Item number B8 1936
082 ## - DEWEY DECIMAL CLASSIFICATION NUMBER
Classification number 812.5
100 1# - MAIN ENTRY--PERSONAL NAME
Personal name McMullen, J. C.
Fuller form of name (Joseph Carl),
Dates associated with a name 1882-
245 10 - TITLE STATEMENT
Title Buddy buys an orchid;
Remainder of title a comedy in one act,
Statement of responsibility, etc. by J.C. McMullen ...
260 ## - PUBLICATION, DISTRIBUTION, ETC.
Place of publication, distribution, etc. Boston, Mass.,
-- Los Angeles, Cal.
Name of publisher, distributor, etc. [Walter H. Baker Company,
Date of publication, distribution, etc. c1936]
300 ## - PHYSICAL DESCRIPTION
Extent 23 p.
Other physical details diagr.
Dimensions 19 cm.
490 0# - SERIES STATEMENT
Series statement Baker's junior high school series

No items available.

Powered by Koha